00438nam a2200133 a 4500008004100000020001800041050001600059100001700075245006300092260004500155300003300200650004900233650002200282211130s2012 ||||||||||||||||| || u a9781349321131 aHF 5549 Les aMoss, Gloria10aLessons on profiting from diversitycEdited by Gloria Moss aUnited KingdombPalgrave Macmillanc2012 axiv,278 pages :illustrations aDIVERSITY IN THE WORKPLACE--ECONOMIC ASPECTS aWOMEN--EMPLOYMENT